Sir Francis Drake and his daring deeds / (Record no. 5640)
[ view plain ]
| 000 -LEADER | |
|---|---|
| fixed length control field | 01308nam a22002417a 4500 |
| 001 - CONTROL NUMBER | |
| control field | 5640 |
| 003 - CONTROL NUMBER IDENTIFIER | |
| control field | FISKH |
| 005 - DATE AND TIME OF LATEST TRANSACTION | |
| control field | 20250108115911.0 |
| 008 - FIXED-LENGTH DATA ELEMENTS--GENERAL INFORMATION | |
| fixed length control field | 250108b cb ||||| |||| 00| 0 eng d |
| 020 ## - INTERNATIONAL STANDARD BOOK NUMBER | |
| International Standard Book Number | 9781407124155 |
| 040 ## - CATALOGING SOURCE | |
| Original cataloging agency | FISKH |
| Language of cataloging | eng |
| Transcribing agency | FISKH |
| Modifying agency | FISKH |
| 082 ## - DEWEY DECIMAL CLASSIFICATION NUMBER | |
| Classification number | 942.055092 |
| 100 ## - MAIN ENTRY--PERSONAL NAME | |
| Personal name | Donkin, Andrew |
| 245 ## - TITLE STATEMENT | |
| Title | Sir Francis Drake and his daring deeds / |
| Statement of responsibility, etc. | by Andrew Donkin |
| 260 ## - PUBLICATION, DISTRIBUTION, ETC. | |
| Place of publication, distribution, etc. | New York : |
| Name of publisher, distributor, etc. | Scholastic ; |
| Date of publication, distribution, etc. | 2006. |
| 300 ## - PHYSICAL DESCRIPTION | |
| Extent | 176 pages : |
| Other physical details | illustrations ; |
| Dimensions | 21 cm . |
| 490 ## - SERIES STATEMENT | |
| Series statement | Horribly Famous |
| 520 ## - SUMMARY, ETC. | |
| Summary, etc. | Sir Frances Drake (1540-96) was a fearless explorer, a dashing sea hero, and the first Englishman to voyage around the world. In his later years he was chosen as the mayor of Plymouth, represents Bossiney in Parliament and finds fame as one of the great naval warriors of the Tudor period. Called 'El Draque', the dragon, by the Spanish, his status as national hero comes from the leading role he played in stopping the Spanish King's Armada invading England. There's no doubt his life has all the ingredients for creating a classic Dead Famous, and Andrew Donkin (author of Dahl, Shakespeare) is one of the best authors to do him justice. |
| 650 ## - SUBJECT ADDED ENTRY--TOPICAL TERM | |
| Topical term or geographic name entry element | exploration |
| Form subdivision | non-fiction |
| 700 ## - ADDED ENTRY--PERSONAL NAME | |
| Personal name | Goddard, Clive |
| Relator term | illustrator |
| 942 ## - ADDED ENTRY ELEMENTS (KOHA) | |
| Source of classification or shelving scheme | Dewey Decimal Classification |
| Koha item type | Books |
| Suppress in OPAC | No |
| Withdrawn status | Lost status | Source of classification or shelving scheme | Damaged status | Not for loan | Collection | Home library | Current library | Shelving location | Date acquired | Total Checkouts | Full call number | Barcode | Date last seen | Copy number | Price effective from | Koha item type |
|---|---|---|---|---|---|---|---|---|---|---|---|---|---|---|---|---|
| Dewey Decimal Classification | Non-Fiction | Footprints International School Library Network Toul Tom Poung Campus | Footprints International School Library Network Toul Tom Poung Campus | TTP Secondary Non-Fiction Bookshelves | 01/08/2025 | DON 942.055092 | FISSE00039 | 11/24/2025 | 1 | 01/08/2025 | Books | |||||
| Dewey Decimal Classification | Non-Fiction | Footprints International School Library Network Toul Tom Poung Campus | Footprints International School Library Network Toul Tom Poung Campus | TTP Secondary Non-Fiction Bookshelves | 01/08/2025 | DON 942.055092 | FIS05419 | 01/08/2025 | 2 | 01/08/2025 | Books |
